01011nam a22002657a 4500003000400000005001700004008004100021020001800062040000900080100003400089245016100123260001500284260001100299260004100310260009100351300001100442490002100453650003700474650003300511650004000544700003900584942001300623999001500636952009400651OSt20131021131010.0130417s2009 sp ||||| |||| 00| 0 spa d a9788487641381 cCDMR1 93201aÁlvarez Junco, José13aEl nacimiento del periodismo políticob: la libertad de imprenta en las Cortes de Cádiz (1810-1814)cJosé Álvarez Junco, Gregorio de la Fuente Monge a[s.n]bAPM bFragua bAsociación de la Prensa de Cádiz bConsorcio para la Conmemoración del Bicentenario de la Constitución de 1812 c2009 a422 p.0 aMemoria (APM)v90493163aPremsa políticazEspanya0492512aPeriodismexHistòria0494150aLlibertat d'impremtazEspanya1 93202aFuente Monge, Gregorio de la 2udccMON c6102d6102 00104070aCDMRbCDMRd2013-01-16l0oCg 5/19pCDMR13046209r2013-04-17w2013-04-17yMON